Il diritto pubblico ecclesiastico dopo il Concilio Vaticano II: lezioni di diritto canonico
Salvato in:
| Autori principali: | , |
|---|---|
| Natura: | Libro |
| Lingua: | italiano |
| Pubblicazione: |
Milán
Giuffre
1985
|
| Edizione: | 2a. ed |
| Soggetti: | |
| Tags: |
Aggiungi Tag
Nessun Tag, puoi essere il primo ad aggiungerne!!
|
MARC
| LEADER | 00000nam a2200000 a 4500 | ||
|---|---|---|---|
| 001 | UCV3357 | ||
| 003 | CL-VaPUC | ||
| 008 | 930602e19850000IT |||||||||||||||||ita|d | ||
| 082 | 0 | 4 | |a 262.9 |b SPI |2 21 |
| 100 | 0 | |a Spinelli, Lorenzo |e author |9 297608 | |
| 700 | 0 | |a Dalla Torre, Giuseppe |e author |9 297609 | |
| 245 | 1 | 3 | |a Il diritto pubblico ecclesiastico dopo il Concilio Vaticano II: lezioni di diritto canonico |
| 250 | |a 2a. ed | ||
| 300 | |a 296 p | ||
| 942 | |c BK | ||
| 945 | |d 19930602 00:00:00 | ||
| 260 | |a Milán |b Giuffre |c 1985 | ||
| 650 | 0 | |a Derecho eclesiástico |9 255055 | |
| 650 | 7 | |a DERECHO CANONICO |2 CL-VaPUC |9 297610 | |
| 583 | |a last modification |c 19930602 00:00:00 |k Rodrigo Vera | ||
| 999 | |c 210597 |d 210595 | ||
| 952 | |0 0 |1 0 |4 0 |6 262_900000000000000_SPI_1985 |7 0 |8 A |9 186952 |a BIBDER |b BIBDER |d 2019-11-14 |i 2546094 |o 262.9 SPI 1985 |p 2546094 |r 2023-01-25 |w 2019-11-14 |y BK |k DER | ||